Forever Amber Brown / (Registro nro. 9450)

Detalles MARC
000 -LEADER
fixed length control field 00879pam a2200373 a 4500
001 - CONTROL NUMBER
control field 11266340
003 - CONTROL NUMBER IDENTIFIER
control field DO-SdBNP
005 - DATE AND TIME OF LATEST TRANSACTION
control field 20180222124028.0
007 - PHYSICAL DESCRIPTION FIXED FIELD--GENERAL INFORMATION
fixed length control field 11266340
008 - FIXED-LENGTH DATA ELEMENTS--GENERAL INFORMATION
fixed length control field 941104s 1996 xxu a j 000 1 eng
010 ## - LIBRARY OF CONGRESS CONTROL NUMBER
LC control number
020 ## - INTERNATIONAL STANDARD BOOK NUMBER
International Standard Book Number 0590947257
040 ## - CATALOGING SOURCE
Original cataloging agency BPMSU
Transcribing agency spa
Modifying agency BPMSU
041 ## - LANGUAGE CODE
Language code of text/sound track or separate title spa
Language code of sung or spoken text eng
042 ## - AUTHENTICATION CODE
Authentication code
050 00 - LIBRARY OF CONGRESS CALL NUMBER
Classification number
Item number
082 00 - DEWEY DECIMAL CLASSIFICATION NUMBER
Classification number
Edition number
100 1# - MAIN ENTRY--PERSONAL NAME
Personal name Danziger, Paula,
Dates associated with a name 1944-
245 10 - TITLE STATEMENT
Title Forever Amber Brown /
Statement of responsibility, etc. Paula Danziger ; illustrated by Tony Ross.
246 ## - VARYING FORM OF TITLE
Title proper/short title
Remainder of title
260 ## - PUBLICATION, DISTRIBUTION, ETC. (IMPRINT)
Place of publication, distribution, etc. New York :
Name of publisher, distributor, etc. Putnam's Sons,
Date of publication, distribution, etc. 1996.
300 ## - PHYSICAL DESCRIPTION
Extent 101 p. :
Other physical details il ;
Dimensions 23 cm.
520 ## - SUMMARY, ETC.
Summary, etc.
650 ## - SUBJECT ADDED ENTRY--TOPICAL TERM
Topical term or geographic name as entry element
General subdivision
650 ## - SUBJECT ADDED ENTRY--TOPICAL TERM
Topical term or geographic name as entry element
General subdivision
650 ## - SUBJECT ADDED ENTRY--TOPICAL TERM
Topical term or geographic name as entry element
General subdivision
700 12 - ADDED ENTRY--PERSONAL NAME
Personal name Ross, Tony,
Relator term il.
856 42 - ELECTRONIC LOCATION AND ACCESS
Materials specified
Uniform Resource Identifier <a href=" "> </a>
856 42 - ELECTRONIC LOCATION AND ACCESS
Materials specified
Uniform Resource Identifier <a href=" "> </a>
942 ## - ADDED ENTRY ELEMENTS (KOHA)
Source of classification or shelving scheme Dewey Decimal Classification
Koha item type Libros
945 ## - LOCAL PROCESSING INFORMATION (OCLC)
a Inventariado, 2018 /LP
956 ## - LOCAL ELECTRONIC LOCATION AND ACCESS (OCLC)
Host name VMATEO
Access number 10
Compression information 20160330
Processor of request BPMSU
Existencias
Withdrawn status Lost status Source of classification or shelving scheme Damaged status Not for loan Collection code Home library Current library Date acquired Source of acquisition Total Checkouts Barcode Date last seen Price effective from Koha item type
    Dewey Decimal Classification     Colección Infantil General Biblioteca Pública Metropolitana Salomé Ureña Biblioteca Pública Metropolitana Salomé Ureña 02/22/2018 Fundación Educativa y Cultural (FUNDI)   BPMSU18020246 02/22/2018 02/22/2018 Libros